LEADER 02264nam 2200733 a 450 001 9910454699003321 005 20200520144314.0 010 $a1-78371-065-9 010 $a9786612006111 010 $a1-84964-416-0 010 $a1-282-00611-8 010 $a1-4356-9105-9 035 $a(CKB)1000000000705323 035 $a(SSID)ssj0000185587 035 $a(PQKBManifestationID)12056785 035 $a(PQKBTitleCode)TC0000185587 035 $a(PQKBWorkID)10209390 035 $a(PQKB)10489516 035 $a(SSID)ssj0000300797 035 $a(PQKBManifestationID)12090134 035 $a(PQKBTitleCode)TC0000300797 035 $a(PQKBWorkID)10259831 035 $a(PQKB)11019977 035 $a(MiAaPQ)EBC3386334 035 $a(Au-PeEL)EBL3386334 035 $a(CaPaEBR)ebr10479864 035 $a(CaONFJC)MIL200611 035 $a(OCoLC)773254993 035 $a(EXLCZ)991000000000705323 100 $a20090724d2008 uy 0 101 0 $aeng 135 $aurcn||||||||| 181 $ctxt 182 $cc 183 $acr 200 10$aJewish history, Jewish religion$b[electronic resource] $ethe weight of three thousand years /$fIsrael Shahak ; forewords by Gore Vidal ... [et al.] 205 $aNew ed. 210 $aLondon $cPluto$d2008 215 $axxviii, 148 p 225 1 $aGet political 300 $aOriginally published: 1994. 300 $a"New edition published in 2008 with an additional foreword by Ilan Pappe"--T.p. verso. 311 $a0-7453-2840-7 311 $a0-7453-2841-5 320 $aIncludes bibliographical references (p. 125-139) and index. 410 0$aGet political. 606 $aOrthodox Judaism$zIsrael$vControversial literature 606 $aZionism 606 $aPalestinian Arabs$zIsrael 607 $aIsrael$xPolitics and government 608 $aElectronic books. 615 0$aOrthodox Judaism 615 0$aZionism. 615 0$aPalestinian Arabs 676 $a320.95694 700 $aShahak$b Israe?l$0961066 701 $aVidal$b Gore$f1925-2012.$0199997 801 0$bMiAaPQ 801 1$bMiAaPQ 801 2$bMiAaPQ 906 $aBOOK 912 $a9910454699003321 996 $aJewish history, Jewish religion$92178955 997 $aUNINA LEADER 01827nam 2200349 450 001 9910688452503321 005 20230630142613.0 035 $a(CKB)5400000000040721 035 $a(NjHacI)995400000000040721 035 $a(EXLCZ)995400000000040721 100 $a20230630d2020 uy 0 101 0 $aeng 135 $aur||||||||||| 181 $ctxt$2rdacontent 182 $cc$2rdamedia 183 $acr$2rdacarrier 200 00$aMetagenomics /$fedited by Wael N. Hozzein 210 1$aLondon, England :$cIntechOpen,$d2020. 215 $a1 online resource (xii, 149 pages) 311 $a1-83880-061-1 330 $aThis book is for the students starting their research projects in the field of metagenomics, for researchers interested in the new developments and applications in this field; and for teachers involved in teaching this subject. The book is divided into three sections as indicated from its title, namely; the basics of metagenomics, metagenomic analysis, and applications of metagenomics. It covers the basics of metagenomics from its history and background, to the analysis of metagenomic data as well as its recent applications in different fields. The book contains excellent texts at both the introductory and advanced levels, that describe the latest metagenomic approaches and applications, from sampling to data analysis for taxonomic, environmental, and medical studies. Finally, the publication of this book was an interesting journey for me and I hope the readers will enjoy reading it. 517 $aMetagenomics 606 $aMicrobial genomics 615 0$aMicrobial genomics. 676 $a572.8629 702 $aHozzein$b Wael N. 801 0$bNjHacI 801 1$bNjHacl 906 $aBOOK 912 $a9910688452503321 996 $aMetagenomics$91753707 997 $aUNINA